[Event "Moscow op-E"]
[Site "Moscow"]
[Date "2011.02.05"]
[Round "8.57"]
[White "Bobrov, Valentin"]
[Black "Petrov, Artur"]
[Result "0-1"]
[WhiteElo "2236"]
[BlackElo "2393"]
[PlyCount "112"]
[EventDate "2011.01.29"]
[EventType "swiss"]
[EventRounds "9"]
[EventCountry "RUS"]
[SourceTitle "EXT 2022"]
[Source "ChessBase"]
[SourceDate "2021.10.06"]
[SourceVersion "1"]
[SourceVersionDate "2021.10.06"]
[SourceQuality "1"]

1. e4 d5 2. exd5 Qxd5 3. Nc3 Qd6 4. d4 Nf6 5. Bb5+ c6 6. Be2 Bf5 7. Nf3 Nbd7 8. 0-0 e6 9. Re1 Be7 10. a4 0-0 11. b3 Qc7 12. Nh4 Bg6 13. Nxg6 hxg6 14. Bd3 Rfd8 15. Re3 Bb4 16. Na2 Bd6 17. Rh3 e5 18. Be3 exd4 19. Bxd4 Ne5 20. Bxe5 Bxe5 21. Rb1 Nd5 22. Qf3 Nf4 23. Rh4 g5 24. Bh7+ Kf8 25. Rg4 g6 26. g3 Ne6 27. Bxg6 Nd4 28. Rxd4 Bxd4 29. Bf5 Qe5 30. Nb4 Re8 31. Nd3 Qe2 32. Kg2 Kg7 33. Rh1 Kf6 34. Be4+ Qxf3+ 35. Bxf3 Rh8 36. Re1 Rae8 37. Be4 Re7 38. h3 Rhe8 39. f3 Kg7 40. g4 b5 41. Rd1 bxa4 42. bxa4 c5 43. Nf2 Rb8 44. Nh1 Rb4 45. Ng3 Re8 46. Rd3 Reb8 47. f4 gxf4 48. Nh5+ Kf8 49. Kf3 Rxa4 50. c3 Be5 51. Rd5 Re8 52. Bd3 c4 53. Bf1 Bxc3 54. Kxf4 Be5+ 55. Kf5 c3 56. Bb5 Ra5 0-1

[Event "Moscow op-E"]
[Site "Moscow"]
[Date "2011.02.03"]
[Round "6.29"]
[White "Bobrov, Valentin"]
[Black "Konovalov, Nikolay"]
[Result "1/2-1/2"]
[WhiteElo "2236"]
[BlackElo "2433"]
[PlyCount "100"]
[EventDate "2011.01.29"]
[EventType "swiss"]
[EventRounds "9"]
[EventCountry "RUS"]
[SourceTitle "EXT 2022"]
[Source "ChessBase"]
[SourceDate "2021.10.06"]
[SourceVersion "1"]
[SourceVersionDate "2021.10.06"]
[SourceQuality "1"]

1. e4 c5 2. Nf3 Nc6 3. d4 cxd4 4. Nxd4 e5 5. Nb5 d6 6. c4 Be7 7. Bd3 Nf6 8. a3 Bg4 9. f3 Be6 10. Be3 Nh5 11. b3 a6 12. N5c3 Bg5 13. Bf2 Nf4 14. Bf1 f5 15. g3 Ng6 16. Bh3 Nge7 17. 0-0 0-0 18. Ra2 Qd7 19. Nd5 Rab8 20. Nb6 Qd8 21. Re1 Rf6 22. Nc3 Rh6 23. Bg2 f4 24. Ncd5 Qe8 25. h4 fxg3 26. hxg5 gxf2+ 27. Rxf2 Rh4 28. Nc7 Qd8 29. Nxe6 Qxb6 30. b4 Nd8 31. c5 Qc6 32. Nxd8 Rxd8 33. Rd2 Nc8 34. Rd5 Qc7 35. Qd2 Rf4 36. Rd1 Qe7 37. cxd6 Qxg5 38. Qc3 Rff8 39. Rxe5 Qf4 40. d7 Nb6 41. Re7 Qg5 42. Qc5 Qg6 43. Rd6 Qg3 44. Rxb6 Qe1+ 45. Bf1 Qg3+ 46. Kh1 Qxf3+ 47. Bg2 Qg4 48. Rbe6 Qh4+ 49. Kg1 Qe1+ 50. Kh2 Qh4+ 1/2-1/2

[Event "Moscow op-E"]
[Site "Moscow"]
[Date "2011.01.30"]
[Round "2.18"]
[White "Bobrov, Valentin"]
[Black "Kotsur, Pavel"]
[Result "0-1"]
[WhiteElo "2236"]
[BlackElo "2559"]
[PlyCount "110"]
[EventDate "2011.01.29"]
[EventType "swiss"]
[EventRounds "9"]
[EventCountry "RUS"]
[SourceTitle "EXT 2022"]
[Source "ChessBase"]
[SourceDate "2021.10.06"]
[SourceVersion "1"]
[SourceVersionDate "2021.10.06"]
[SourceQuality "1"]

1. e4 c5 2. Nf3 d6 3. d4 cxd4 4. Nxd4 Nf6 5. Nc3 a6 6. Be2 e6 7. Be3 b5 8. Bf3 e5 9. Nde2 Be6 10. Ng3 Nbd7 11. 0-0 h5 12. Re1 g6 13. Qd2 Be7 14. a4 b4 15. Nd5 Bxd5 16. exd5 a5 17. c3 bxc3 18. bxc3 h4 19. Nf1 Nh7 20. Rab1 Bg5 21. h3 0-0 22. Rb5 f5 23. Qc2 Rc8 24. c4 Bxe3 25. Rxe3 Ng5 26. Bd1 e4 27. Rc3 Nc5 28. Qd2 Nf7 29. Ne3 Ne5 30. Kh1 Ned3 31. Bc2 Ne5 32. Nd1 f4 33. Qe1 e3 34. f3 Na6 35. Nb2 Nb4 36. Be4 Rc5 37. Rb7 Rf7 38. Rxf7 Kxf7 39. Rc1 Qf6 40. Qe2 Kg7 41. Kh2 Rc7 42. Re1 Nd7 43. Bb1 Nc5 44. Rd1 Rb7 45. Rc1 Nb3 46. Re1 Nd4 47. Qd1 Nxd5 48. cxd5 Rxb2 49. Be4 Nb3 50. Re2 Nc5 51. Bc2 Qc3 52. Kg1 Ra2 53. Kh2 Ra1 54. Bb1 Qb4 55. Re1 Qd2 0-1

[Event "St Petersburg Winter op"]
[Site "St Petersburg"]
[Date "2007.01.30"]
[Round "2"]
[White "Gantsevich, Aleksei"]
[Black "Bobrov, Valentin"]
[Result "1-0"]
[WhiteElo "1990"]
[BlackElo "2289"]
[PlyCount "83"]
[EventDate "2007.01.29"]
[EventType "swiss"]
[EventRounds "9"]
[EventCountry "RUS"]
[SourceTitle "EXT 2008"]
[Source "ChessBase"]
[SourceDate "2007.11.25"]
[SourceVersion "1"]
[SourceVersionDate "2007.11.25"]
[SourceQuality "1"]

1. e4 c5 2. Nc3 a6 3. f4 d6 4. Nf3 Nf6 5. a4 g6 6. Bc4 Bg7 7. 0-0 Nc6 8. d3 0-0 9. h3 e6 10. Bb3 Na5 11. Ba2 Bd7 12. e5 dxe5 13. fxe5 Ne8 14. Bg5 f6 15. exf6 Nxf6 16. Ne4 Qc7 17. Bxf6 Bxf6 18. Nxf6+ Rxf6 19. Ng5 Rxf1+ 20. Qxf1 Rf8 21. Bxe6+ Kg7 22. Qe1 c4 23. Kh1 Rf5 24. Bxf5 Bxf5 25. Ne6+ Bxe6 26. Qxe6 cxd3 27. cxd3 Nc6 28. Rf1 Qe7 29. Qxe7+ Nxe7 30. Kg1 Nc6 31. Rf4 a5 32. Kf2 Ne7 33. Kf3 Nd5 34. Rd4 Nf6 35. Rd8 Kh6 36. Rb8 Nd7 37. Rxb7 Nc5 38. Ra7 Nxa4 39. Rxa5 Nxb2 40. Ke4 Kg7 41. Ra2 Nd1 42. Rc2 1-0

[Event "St Petersburg op"]
[Site "St Petersburg"]
[Date "2003.??.??"]
[Round "9"]
[White "Bobrov, Valentin"]
[Black "Gavrilov, Oleg"]
[Result "0-1"]
[WhiteElo "2264"]
[BlackElo "2261"]
[PlyCount "70"]
[EventDate "2003.??.??"]
[EventType "swiss"]
[EventRounds "9"]
[EventCountry "RUS"]
[SourceTitle "EXT 2005"]
[Source "ChessBase"]
[SourceDate "2004.11.15"]
[SourceVersion "1"]
[SourceVersionDate "2004.11.15"]
[SourceQuality "1"]

1. e4 e6 2. d4 d5 3. Nc3 Bb4 4. Bd3 c5 5. Nf3 Nf6 6. e5 Ne4 7. 0-0 Nxc3 8. bxc3 Bxc3 9. Rb1 Nc6 10. Rb3 Bxd4 11. Bb5 0-0 12. Bxc6 bxc6 13. Nxd4 cxd4 14. Ba3 Re8 15. Qxd4 Ba6 16. Re1 Qa5 17. Rbe3 c5 18. Bxc5 Rec8 19. Bb4 Qxa2 20. Rg3 Rc4 21. Qd2 h5 22. h3 Qxc2 23. Qg5 Qh7 24. Qe7 Bb5 25. Bd6 a6 26. Ree3 h4 27. Rg5 Rf4 28. Rb3 Qh6 29. g3 Rf5 30. Rxf5 exf5 31. Qb7 Qc1+ 32. Kh2 Bc6 33. Qb4 d4 34. Rb1 hxg3+ 35. Kxg3 Qg5+ 0-1

[Event "St Petersburg op"]
[Site "St Petersburg"]
[Date "2003.??.??"]
[Round "4"]
[White "Bobrov, Valentin"]
[Black "Vunder, Yakov"]
[Result "1-0"]
[WhiteElo "2264"]
[BlackElo "2194"]
[PlyCount "57"]
[EventDate "2003.??.??"]
[EventType "swiss"]
[EventRounds "9"]
[EventCountry "RUS"]
[SourceTitle "EXT 2005"]
[Source "ChessBase"]
[SourceDate "2004.11.15"]
[SourceVersion "1"]
[SourceVersionDate "2004.11.15"]
[SourceQuality "1"]

1. e4 c5 2. Nf3 e6 3. Nc3 a6 4. d3 Nc6 5. g3 g6 6. Bg2 Bg7 7. Be3 Nd4 8. Nd2 Ne7 9. Na4 d6 10. f4 b5 11. Nc3 Bb7 12. 0-0 Qd7 13. f5 gxf5 14. Rc1 0-0 15. Qh5 Ng6 16. Bh3 fxe4 17. Ncxe4 f5 18. Ng5 Bf6 19. c3 Nc6 20. Nde4 Be5 21. Bxc5 Nd8 22. Nxd6 Bxd6 23. Bxd6 Rf7 24. Bf4 Nxf4 25. Rxf4 Qd5 26. Kf2 Qxa2 27. Qe2 Rg7 28. Rxf5 h6 29. Nf3 1-0